000
00313 a2200109 4500
001
ART_30489
005
20260410162003.0
008
260409a
245
1
0
_a
El iluminismo y el drama de Occidente
100
1
_a
Ribas, Armando P.
773
0
_t
Foro polĂtico
_g
- Vol. XVII (ago. 1996)
_w
REV30389
999
_c
31461
_d
31461